| 000 | 00546nam a2200217Ia 4500 | ||
|---|---|---|---|
| 008 | 160404s9999 xx 000 0 und d | ||
| 020 | _a971-23-2172-X | ||
| 050 | _aFIL HD 38 | ||
| 050 | _b.F35 1997 | ||
| 100 | _aFajardo, Feliciano R. | ||
| 245 | _aManagement / | ||
| 245 | _cFeliciano R. Fajardo. | ||
| 260 | _aManila : | ||
| 260 | _bRex Book Store, Inc., | ||
| 260 | _c1997 | ||
| 300 | _a331 pages : | ||
| 300 | _billustrations ; | ||
| 300 | _c22 cm. | ||
| 500 | _aIncludes bibliographical references. | ||
| 650 | _aManagement. | ||
| 999 |
_c293244 _d293244 |
||